000
00476nam a2200145Ia 4500
008
100204s9999 xx 000 0 und d
082
_b
2212
100
_a
दिघे प्रभाकर
245
_a
लिफ्ट नंबर चार
260
_b
"उदयदीप प्रकाशन , मुंबई"
_c
1980
300
_a
192
630
_a
लिफ्ट नंबर चार
730
_a
लिफ्ट नंबर चार
942
_c
BOOK
999
_c
447314
_d
447311